000 00776nam a2200265Ia 4500
003 OSt
005 20220918171427.0
006 a|||||r|||| 00| 0
007 ta
008 220917b |||||||| |||| 00| 0 eng d
020 _a9781783300310
_c5114.38
024 _a286,765
037 _b45633, 10/12/2015, Segment Book Distributors
_cTextual
040 _aARTS
_cARTS
_beng
041 _2eng
_aeng
082 _a2:51, Q5
100 _aBroughton Vanda
_936506
245 0 _aEssential classification
250 _a2nd
260 _aLondon
_bFacet Publishing UK
_c2015
300 _ax, 421p.
_ccm.
650 _aLIBRARY SCIENCE
942 _h2:51, Q5
_cTEXL
_2CC
999 _c139526
_d139526